| 000 -LEADER |
| fixed length control field |
01546cam a2200397 a 4500 |
| 001 - CONTROL NUMBER |
| control field |
15678654 |
| 005 - DATE AND TIME OF LATEST TRANSACTION |
| control field |
20170105102930.0 |
| 008 - FIXED-LENGTH DATA ELEMENTS--GENERAL INFORMATION |
| fixed length control field |
090330s2010 enk b 001 0 eng |
| 010 ## - LIBRARY OF CONGRESS CONTROL NUMBER |
| LC control number |
2009013250 |
| 020 ## - INTERNATIONAL STANDARD BOOK NUMBER |
| International Standard Book Number |
9780415452984 (hardback) |
| 020 ## - INTERNATIONAL STANDARD BOOK NUMBER |
| International Standard Book Number |
0415452988 (hardback) |
| 020 ## - INTERNATIONAL STANDARD BOOK NUMBER |
| International Standard Book Number |
9780203869383 (ebook) |
| 020 ## - INTERNATIONAL STANDARD BOOK NUMBER |
| International Standard Book Number |
0203869389 (ebook) |
| 020 ## - INTERNATIONAL STANDARD BOOK NUMBER |
| Canceled/invalid ISBN |
0203869383 (e-book) |
| 035 ## - SYSTEM CONTROL NUMBER |
| System control number |
(OCoLC)ocn317698641 |
| 040 ## - CATALOGING SOURCE |
| Original cataloging agency |
DLC |
| Transcribing agency |
DLC |
| Modifying agency |
YDX |
| -- |
DLC |
| 050 00 - LIBRARY OF CONGRESS CALL NUMBER |
| Classification number |
HM881 |
| Item number |
.K37 2010 |
| 082 00 - DEWEY DECIMAL CLASSIFICATION NUMBER |
| Classification number |
303.6401 |
| Author Mark |
KAR 2010 |
| 100 1# - MAIN ENTRY--PERSONAL NAME |
| Personal name |
Karatzogianni, Athina. |
| 245 10 - TITLE STATEMENT |
| Title |
Power, resistance, and conflict in the contemporary world : |
| Remainder of title |
social movements, networks, and hierarchies / |
| Statement of responsibility, etc. |
Athina Karatzogianni and Andrew Robinson. |
| 260 ## - PUBLICATION, DISTRIBUTION, ETC. |
| Place of publication, distribution, etc. |
London ; |
| -- |
New York : |
| Name of publisher, distributor, etc. |
Routledge, |
| Date of publication, distribution, etc. |
c2010. |
| 300 ## - PHYSICAL DESCRIPTION |
| Extent |
x, 324 p. ; |
| Dimensions |
24 cm. |
| 490 1# - SERIES STATEMENT |
| Series statement |
Routledge advances in international relations and global politics ; |
| Volume/sequential designation |
78 |
| 504 ## - BIBLIOGRAPHY, ETC. NOTE |
| Bibliography, etc. note |
Includes bibliographical references (p. [278]-308) and index. |
| 650 #0 - SUBJECT ADDED ENTRY--TOPICAL TERM |
| Topical term or geographic name entry element |
Social movements |
| General subdivision |
Political aspects. |
| 650 #0 - SUBJECT ADDED ENTRY--TOPICAL TERM |
| Topical term or geographic name entry element |
Insurgency. |
| 650 #0 - SUBJECT ADDED ENTRY--TOPICAL TERM |
| Topical term or geographic name entry element |
National liberation movements. |
| 650 #0 - SUBJECT ADDED ENTRY--TOPICAL TERM |
| Topical term or geographic name entry element |
Guerrillas. |
| 650 #0 - SUBJECT ADDED ENTRY--TOPICAL TERM |
| Topical term or geographic name entry element |
Political violence. |
| 650 #0 - SUBJECT ADDED ENTRY--TOPICAL TERM |
| Topical term or geographic name entry element |
International relations. |
| 700 1# - ADDED ENTRY--PERSONAL NAME |
| Personal name |
Robinson, Andrew, |
| Dates associated with a name |
1977- |
| 830 #0 - SERIES ADDED ENTRY--UNIFORM TITLE |
| Uniform title |
Routledge advances in international relations and global politics ; |
| Volume/sequential designation |
78. |
| 906 ## - LOCAL DATA ELEMENT F, LDF (RLIN) |
| a |
7 |
| b |
cbc |
| c |
orignew |
| d |
1 |
| e |
ecip |
| f |
20 |
| g |
y-gencatlg |
| 942 ## - ADDED ENTRY ELEMENTS (KOHA) |
| Source of classification or shelving scheme |
|
| Koha item type |
Book |